000 01359cam a2200253 i 4500
999 _c7786
_d7786
003 OSt
005 20200521122811.0
008 141002s2015 flua b 001 0 eng
020 _a9781482232202 (hardback)
082 0 0 _a712.2CZE
_223
245 0 0 _aRevising green infrastructure :
_bconcepts between nature and design /
_cedited by Daniel Czechowski, Thomas Hauck, and Georg Hausladen.
300 _axxiv, 464 pages :
_bcolor illustrations, color maps ;
_c25 cm
504 _aIncludes bibliographical references and index.
505 0 _aFunction and Process -- Culture and Specificity -- Governance and Instruments -- Applied Design
520 _a"This book addresses the theme of "green infrastructure" from the perspective of landscape architecture. It brings together the work of selected ecologists, engineers, and landscape architects who discuss a variety of theoretical aspects, research projects, teaching methods, and best practice examples in green infrastructure"--
650 0 _aCity planning
_xEnvironmental aspects.
650 0 _aLandscape architecture.
650 0 _aUrban ecology (Biology)
650 0 _aSustainable urban development.
650 7 _aNATURE / Ecology.
_2bisacsh
650 7 _aTECHNOLOGY & ENGINEERING / Civil / General.
_2bisacsh
650 7 _aTECHNOLOGY & ENGINEERING / Environmental / General.
_2bisacsh
942 _2ddc